00309nam a22001337a 450000500170000000800410001704100130005808200160007110000130008724500270010026000100012730000120013765000260014920231129133442.0231129b |||||||| |||| 00| 0 eng d aEnglish  a340.06 GUI  lEnglish  aGuide for Instructors  c1991  c33 cm.  aLegal practice bLaw